Normal view
MARC view
Entry Topical Term
001 - CONTROL NUMBER
- control field: 48584
003 - CONTROL NUMBER IDENTIFIER
- control field: OSt
005 - DATE AND TIME OF LATEST TRANSACTION
- control field: 20241105152851.0
008 - FIXED-LENGTH DATA ELEMENTS
- fixed length control field: 241105|| aca||aabn | a|a d
040 ## - CATALOGING SOURCE
- Original cataloging agency: OSt
- Transcribing agency: OSt
150 ## - HEADING--TOPICAL TERM
- Topical term or geographic name entry element: Housing, Administrative data, Geocoding, Data audit.
670 ## - SOURCE DATA FOUND
- Source citation: Work cat.: (OSt): Wilson, N.E. Hankinson, M. Magazinnik, A. and Sands, M. 48583, Inaccuracies in low income housing geocodes: When and why they matter
